| 000 | 00518nam a22001457a 4500 | ||
|---|---|---|---|
| 008 | 140820b xxu||||| |||| 00| 0 eng d | ||
| 020 | _a0406096236 | ||
| 050 | _aKD276.3.L39(1982) | ||
| 245 |
_aThe Law Reports(1982): Chancery division and on appeal therefrom in the court of appeal and decisions in the court of protection. / _cedited by Ellis, Carol. |
||
| 260 |
_aLondon: _bButterworth & Co Ltd, _c1982. |
||
| 300 |
_aviii,543p.: _c24cm. |
||
| 440 | _pChancery division. | ||
| 800 | _aEllis Carol. | ||
| 942 |
_2lcc _cBK |
||
| 999 |
_c3585 _d11085 |
||